1929 1126 1504 1171 1591 1731 1452 1236 1991 1522 1215 1019 1616 1168 1156 1908 1110 1193 1636 1977 1212 1542 1858 1133 1945 1982 1868 1765 1563 1377 1177 1804 1318 1903 1361 1182 1586 1237 1502 1292 1026 1607 1275 1378 1304 1557 1039 1770 1358 1313 1551 1292 1219 1581 1902 1168 1147 1823 1146 1260 1956 1932 1178 1353 1372 1254 1160 1061 1077 1101 1515 1907 1044 1084 1930 1640 1162 1880 1271 1876 1898 1568 1678 1438 1271 1733 1808 1449 1369 1042 1879 1183 1253 1381 1295 1169 1387 1252 1366 BCNSPRNW ULIB Ver.6.0+V

เปลี่ยนเป็นภาษาไทย

Change to English
 แสดงรายละเอียดบรรณานุกรม
  กลับหน้าหลัก

Brief Record : Get Marc (ISO 2709) : E-mail record : QR code < ปิดหน้าต่าง
LEADER : 00000nam a2200000Ia 4500
001    13399122469
003     ULIB
008    980303s2535 th m 000 0 tha d
020    ^a9745875066
099    ^aวพ.WT120^bด211ค
100 0  ^aดวงพร รัตนอมรชัย
245 10 ^aความสัมพันธ์ระหว่างปัจจัยลักษณะส่วนบุคคล การรับรู้ภาวะสุขภาพและการรับรู้การควบคุมสุขภาพกับวิถีชีวิตของผู้สูงอายุในจังหวัดอ่างทอง =^bThe relationship of demographic characteristics, perceived health status, and perceived control of health on lifestyle of the elderly in Angthong province /^cดวงพร รัตนอมรชัย
246 31 ^aRelationship of demographic characteristics, perceived health status, and perceived control of health on lifestyle of the elderly in Angthong province
260    ^aนครปฐม:^bมหาวิทยาลัยมหิดล,^c2535
300    ^aก-ญ, 194 แผ่น ;^c30 ซม.
502    ^aวิทยานิพนธ์ (วท.ม. (สาธารณสุขศาสตร์))--มหาวิทยาลัยมหิดล, 2535
610 24 ^aมหาวิทยาลัยมหิดล^xวิทยานิพนธ์
610 24 ^aมหาวิทยาลัยมหิดล. ^bคณะสาธารณสุขศาสตร์^xวิทยานิพนธ์
650  4 ^aวิทยานิพนธ์
650  4 ^aการส่งเสริมสุขภาพ
650  4 ^aแบบแผนการดำเนินชีวิต^xในวัยชรา
650  4 ^aผู้สูงอายุ
650  4 ^aสุขภาพสำหรับผู้สูงอายุ
650  4 ^aผู้สูงอายุ^zอ่างทอง
650  4 ^aภาวะสุขภาพ
691    ^aวท.ม. (2535)
692    ^aพยาบาลสาธารณสุข (มหาวิทยาลัยมหิดล 2535)
710 2  ^aมหาวิทยาลัยมหิดล
710 2  ^aมหาวิทยาลัยมหิดล. ^bคณะสาธารณสุขศาสตร์
710 22 ^aมหาวิทยาลัยมหิดล.^tวิทยานิพนธ์
710 22 ^aMahidol University.^tThesis
945    ^p0^l0^i023430
999    ^aเกษร โพธิ์สุวรรณ
รายการนี้ยังไม่มีแท็ก
คุณยังไม่ได้ล็อกอิน คุณสามารถมีกิจกรรมร่วมกับเว็บไซต์ได้ แต่ต้องล็อกอินก่อน ::
  ล็อกอิน

รายการสื่อสารสนเทศ

ลำดับที่ ประเภท เลขเรียก/บาร์โค้ด สถานที่ สถานะ
1. วิทยานิพนธ์
วิทยานิพนธ์
วพ.WT120 ด211ค  
  Barcode: 023430
ห้องสมุดวิทยาเขตสวรรค์ประชารักษ์
► วิทยานิพนธ์
บนชั้น

รายการใกล้เคียง
    หัวเรื่อง [วิทยานิพนธ์]
    หัวเรื่อง [การส่งเสริมสุขภาพ]
    หัวเรื่อง [ผู้สูงอายุ]
    หัวเรื่อง [ภาวะสุขภาพ]

BibComment


ยังไม่เคยถูกคอมเมนท์

คอมเมนท์ทรัพยากรรายการนี้
  คอมเมนท์: ความสัมพันธ์ระหว..


 Copyright 2026. Bcnsprnw @Library